Gaming Quiz

Random Gaming or Pokémon Quiz

Top Pokemon by Grass Type Quiz Stats

 Plays Quiz not verified by Sporcle

Score 0/10 Timer 05:00
0 Plays Today
Base Stat Total Pokemon % Correct
530Sceptile
88.9%
600Shaymin
77.8%
600Celebi
75%
580Virizion
72.2%
530Chesnaught
72.2%
528Serperior
69.4%
531Gogoat
50%
535Tangrowth
41.7%
570Kartana
41.7%
570Tapu Bulu
38.9%

You're not logged in!

Compare scores with friends on all Sporcle quizzes.
OR
Log In

Show Comments

Extras

Top Quizzes Today


Score Distribution

Your Account Isn't Verified!

In order to create a playlist on Sporcle, you need to verify the email address you used during registration. Go to your Sporcle Settings to finish the process.

Report this User

Report this user for behavior that violates our Community Guidelines.

Details: